| 000 | 00630nam a22002057a 4500 | ||
|---|---|---|---|
| 005 | 20251108175259.0 | ||
| 008 | 250721s2015 xx 000 0 ara d | ||
| 082 | 1 | 4 | _a291/جرج |
| 100 | 1 | _aجرجس، عبير شوقي ذكي | |
| 245 | 1 | 0 | _aالعلاقة بين الدين و السياسة في افريقيا / |
| 264 | 1 |
_aالقاهرة : _bالمكتب العربي للمعارف، _c2015. |
|
| 300 | _a302ص. | ||
| 650 | 1 | 7 | _aالدين المقارن |
| 650 | 1 | 7 | _aالمسيحية |
| 650 | 1 | 7 | _aالاسلام |
| 650 | 1 | 7 | _aالسياسة |
| 650 | 1 | 7 | _aافريقيا |
| 942 |
_2ddc _cBK |
||
| 999 |
_c130425 _d130425 |
||